Rekondičné pobyty a rehabilitácia v súvislosti s prácou
Povinnosť zamestnávateľa, ktorého zamestnanci vykonávajú rizikové práce, poskytovať rekondičné pobyty alebo rehabilitáciu v súvislosti s prácou. Podmienky účasti zamestnanca na rekondičnom pobyte alebo rehabilitácii v súvislosti s prácou. Zameranie rekondičného pobytu a rehabilitácie. Rámcové progra...
Salvato in:
| Autore principale: | |
|---|---|
| Natura: | Capitolo di libro |
| Lingua: | slovacco |
| Soggetti: | |
| Tags: |
Nessun Tag, puoi essere il primo ad aggiungerne!!
|
MARC
| LEADER | 00000naa a2200000 4500 | ||
|---|---|---|---|
| 001 | 0193426 | ||
| 005 | 20231109104559.1 | ||
| 041 | 0 | |a slo | |
| 044 | |a SK | ||
| 245 | 1 | 0 | |a Rekondičné pobyty a rehabilitácia v súvislosti s prácou |c Ľudmila Ondrejková |
| 520 | |a Povinnosť zamestnávateľa, ktorého zamestnanci vykonávajú rizikové práce, poskytovať rekondičné pobyty alebo rehabilitáciu v súvislosti s prácou. Podmienky účasti zamestnanca na rekondičnom pobyte alebo rehabilitácii v súvislosti s prácou. Zameranie rekondičného pobytu a rehabilitácie. Rámcové programy rekondičných pobytov. | ||
| 610 | 2 | 0 | |a starostlivosť o pracovníkov |
| 610 | 2 | 0 | |a starostlivosť o zdravie |
| 610 | 2 | 0 | |a rehabilitácia zdravotná |
| 610 | 2 | 0 | |a legislatíva |
| 610 | 2 | 0 | |a zamestnanci |
| 610 | 2 | 0 | |a zamestnávatelia |
| 610 | 2 | 0 | |a práca |
| 610 | 2 | 0 | |a rizikovosť práce |
| 100 | 1 | |a Ondrejková, Ľudmila | |